Exposición Universal de Ambéres : inauguración el 2 de mayo de 1885 : sistema de clasificación general inauguración el 2 de mayo de 1885 :
Descripción Física:
[4] p. ; 29 cm
Materias:
Exposicions -- Amberes -- 1885
MARC
| LEADER | 00000nam a2200000Ia 4500 | ||
|---|---|---|---|
| 001 | 15863 | ||
| 003 | BGR | ||
| 005 | 20260410113636.0 | ||
| 008 | 160829s1885?] xx 000 0 cat d | ||
| 080 | |a RF-13-3 | ||
| 111 | |a Exposició Universal d'Ambéres |9 70745 |c (Ambéres : |d 1885) | ||
| 245 | |a Exposición Universal de Ambéres : |b inauguración el 2 de mayo de 1885 : |b sistema de clasificación general | ||
| 260 | |a [Amberes : |b s.n., |c 1885?] | ||
| 300 | |a [4] p. ; |c 29 cm | ||
| 590 | |a A la part superior de la portada : Apéndice no. 1. | ||
| 590 | |a Prové de 1403, exp. 19. | ||
| 650 | |a Exposicions |x Amberes |x 1885 |9 46921 | ||
| 856 | 4 | |u https://media.diba.cat/diba/fitxers/arxiu/fulletons/bib_15863_1885_baixa.pdf |y Accés lliure | |
| 856 | 4 | |u https://media.diba.cat/diba/fitxers/arxiu/fulletons/bib_15863_1885_baixa.pdf |y Accés lliure | |
| 900 | |a bib_15863_1885_baixa.pdf | ||
| 901 | |a Arxiu | ||
| 942 | |n 1 |2 udc |c MON | ||
| 952 | |0 0 |1 0 |4 0 |6 RF133 |7 1 |9 53528 |a Arxiu |b Arxiu |d 2016-12-01 |l 0 |o RF-13-3 |p 15863 |r 2016-12-01 00:00:00 |w 2016-12-01 |y ARXIU | ||
| 999 | |c 57394 |d 57394 | ||